[Event "Saint Louis Blitz 2017"]
[Site "Saint Louis"]
[Date "2017.08.18"]
[Round "11"]
[White "Navara, David"]
[Black "Aronian, Levon"]
[Result "1-0"]
[WhiteElo "2737"]
[BlackElo "2799"]
[Annotator "TA"]
[PlyCount "91"]
[EventDate "2017.??.??"]
[EventType "tourn"]
[EventCountry "USA"]
[SourceTitle "playchess.com"]
[Source "ChessBase"]
[SourceQuality "1"]

{[%evp 32,91,25,0,0,0,0,0,31,16,44,61,76,71,68,0,0,0,0,0,0,0,0,0,0,0,0,0,65,65,65,56,58,58,100,79,77,74,100,79,121,119,308,301,303,286,410,406,453,175,367,268,277,259,504,487,4610,4553,29947,6095,6079,6079]} 1. e4 e5 2. Nf3 Nc6 3. Bb5 a6 4. Ba4 Nf6 5. O-O Be7 6. Re1 b5 7. Bb3 O-O 8. h3 Bb7 9. d3 d5 10. exd5 Nxd5 11. Nxe5 Nxe5 12. Rxe5 Qd6 {C88: Closed Ruy Lopez: Anti-Marshall Systems} 13. Re1 Rae8 14. Nd2 c5 15. Ne4 Qc6 16. c4 Nb6 17. cxb5 {LiveBook: 4 Games} axb5 18. Qf3 c4 19. dxc4 {[#]} Qg6 $146 {Strongly threatening ...Bb4.} (19... bxc4 $5 20. Bc2 $8 f5 $11) ({Predecessor:} 19... bxc4 20. Bc2 {½-½ (44) Svidler,P (2749)-Muzychuk,A (2580) Caleta 2012}) 20. Bd2 ({Of course not} 20. cxb5 Bb4 $15) 20... bxc4 21. Bc2 Nd5 22. Rac1 Qb6 23. Ng5 (23. Ba4 $14 Rc8 24. Qh5) 23... Bxg5 $11 24. Qf5 {[%csl Gc2][%cal Rf5h7]} g6 25. Qxg5 {Be4 is the strong threat.} Qxb2 {And now ...c3 would win.} 26. Rxe8 Rxe8 27. Rb1 Qxc2 28. Rxb7 Qe4 $1 {aiming for ...c3.} 29. Rd7 $40 {[%mdl 128] White has some attack.} c3 ({Better is} 29... f5 $1 $11) 30. Qxd5 $14 Qxd5 31. Rxd5 cxd2 32. Rxd2 {[%mdl 4096] Endgame KR-KR} Re1+ 33. Kh2 Kg7 34. Kg3 h5 35. Kf4 Kf6 36. h4 Ke6 $2 {[#]} (36... Re6 $16) 37. Kg5 $1 $18 Re5+ {[#]} 38. Kh6 $1 Kf5 (38... Ra5 $142 39. Kg7 Ra6) 39. g3 Ra5 40. Kg7 $2 (40. Rd4) 40... Ra7 $2 (40... g5 {might work better.}) 41. Rd4 f6+ 42. Kh6 {Hoping for Rf4+.} Ke5 $2 (42... g5 43. a4 Ra8) 43. Rf4 Rxa2 (43... g5 $142 44. hxg5 fxg5 45. Kxg5 Rh7) 44. Kxg6 Ra6 45. Rf5+ Ke4 46. Rxf6 {Precision: White = 78%, Black = 30%.} 1-0

[Event "Saint Louis Blitz 2017"]
[Site "Saint Louis"]
[Date "2017.08.18"]
[Round "12"]
[White "Caruana, Fabiano"]
[Black "Kasparov, Garry"]
[Result "0-1"]
[WhiteElo "2807"]
[BlackElo "2812"]
[Annotator "TA"]
[PlyCount "107"]
[EventDate "2017.??.??"]
[EventType "tourn"]
[EventCountry "USA"]
[SourceTitle "playchess.com"]
[Source "ChessBase"]
[SourceQuality "1"]

{[%evp 17,107,8,12,2,8,-8,11,0,23,16,46,29,48,13,27,3,32,30,35,0,9,0,73,-25,-25,-75,-75,-84,-37,-33,-33,-35,0,-104,-17,-24,-27,-20,-22,-32,-26,-55,-45,-54,-64,-66,-4,-11,0,-133,0,-98,0,-208,-26,-242,-229,-282,-197,-259,0,-239,-85,-109,-106,-89,-70,-177,-177,-262,-263,-252,0,0,0,-346,-54,-375,-352,-452,-248,-454,-479,-729,-446,-360,0,-406,0,-344,0,0]} 1. e4 c5 2. Nc3 d6 3. Nge2 Nf6 4. g3 g6 5. Bg2 Nc6 6. d3 Bg7 7. O-O O-O 8. a3 {B25: Closed Sicilian: 3 g3, lines without early Be3} (8. h3 e5 9. f4 Nd4 10. f5 b5 11. Nxd4 cxd4 12. Ne2 d5 13. g4 dxe4 14. Ng3 Rb8 15. g5 e3 16. gxf6 Bxf6 {0-1 (29) Jobava,B (2707)-Carlsen,M (2832) Leuven 2017}) 8... Rb8 9. Rb1 b6 {LiveBook: 3 Games} 10. b4 $146 ({Predecessor:} 10. h3 Bb7 11. Bg5 Nd7 12. Qd2 Re8 13. b4 Nf8 14. Bh6 Bh8 15. f4 Ne6 {1-0 (53) Predojevic,B (2652)-Fercec,N (2478) Banja Vrucica 2009}) 10... Bb7 11. h3 Nd7 12. Be3 Re8 13. Qd2 Ba8 14. f4 {[%cal Bf2f4,Bf4f5][%mdl 32]} Rc8 15. g4 e6 16. f5 (16. Nb5 $5 {[%cal Rb5d6]} Qe7 17. Nbc3 $11) 16... Nd4 17. Bxd4 cxd4 18. Nb5 exf5 $1 19. gxf5 Ne5 (19... Nf6 $11) 20. Nbxd4 ({Don't play} 20. Nexd4 d5 $15) (20. Nxa7 $16 Rc7 21. Nb5) 20... d5 $11 21. Qf4 dxe4 22. dxe4 Qc7 23. f6 Bf8 24. Rb3 Nc4 {Strongly threatening ...Qxf4.} 25. Rc3 (25. Qxc7 $11 Rxc7 26. Nb5) 25... a6 (25... Qxf4 $17 26. Nxf4 a5) 26. Qxc7 Rxc7 27. Nf4 b5 28. Nd5 Rcc8 29. Rd3 Bd6 30. Nb3 Bxd5 ({Much worse is} 30... Nxa3 $6 31. Nb6 $16) 31. exd5 Re5 (31... Kf8 $15) 32. Nc5 $1 a5 33. Rfd1 (33. Nb7 $11 {keeps the balance.}) 33... a4 (33... Nb2 $1 $17 {White must now prevent ...axb4.} 34. Nb7 Nxd1 35. Rxd1 Rxc2 36. Nxd6 Rg5) 34. Rf1 {[#]} (34. Rc3 $11 {remains equal.}) 34... Rce8 (34... Nxa3 $1 $17 {[%mdl 512] ...Re2 is the strong threat.} 35. Nd7 (35. Rxa3 $2 Rxc5 36. c3 Rc8 $19) 35... Nxc2 36. Nxe5 Bxe5) 35. Rdf3 $2 (35. Nb7 $11) 35... h5 $2 (35... Nd2 $19 36. Nb7 Nxf3+ 37. Bxf3 Bc7) 36. Nd3 $2 (36. Nb7 $1 $11) 36... Re2 $19 {[%mdl 1024] Black has strong compensation.} 37. R3f2 R2e3 38. Rf3 (38. Ra1 {keeps fighting.}) 38... Re2 $2 ({Black should play} 38... Nxa3 $19 39. Rc1 Nc4 40. Rxe3 Rxe3) 39. R1f2 $2 (39. R3f2 $11 {and White is okay.}) 39... Kh7 $2 (39... Rxf2 $19 {is more deadly.} 40. Kxf2 Nxa3) 40. Bf1 R2e4 $36 {[%mdl 2048] Keeping White busy.} 41. Nc5 Re1 42. Kg2 (42. Nb7 $1 $15) 42... Ne3+ 43. Kh1 (43. Kg1 $142 Re5 44. Nd3 Rg5+ 45. Kh1 Rxf1+ 46. Rxf1 Nxf1 47. Rxf1) 43... Nxd5 44. Rd3 R8e5 $2 (44... Bxc5 $1 $19 45. bxc5 Ne3) 45. Nd7 $1 $11 {[%cal Rd7e5]} Rg5 {aiming for ...h4.} 46. Rff3 $2 {[%mdl 8192]} (46. h4 $11 {and White has nothing to worry.} Rg4 47. Rxd5) 46... Bc7 $2 ({Better is} 46... h4 $19 47. Nc5 Bg3) 47. Nc5 $2 {[%mdl 8192]} ({Only move:} 47. h4 $15 Nxb4 48. hxg5 Nxd3 49. cxd3) 47... h4 $19 48. Rd4 Bg3 (48... Ne3 $142 {( -> ...Rf5)} 49. Rxh4+ Kg8) 49. Nd3 $2 (49. Ne4 Re5 50. Nd2) 49... Ra1 50. Re4 (50. c4 $142 bxc4 51. Rxc4) 50... Rxa3 51. Re7 {[#]} Kg8 $2 (51... Rf5 $1 $19 {[%cal Rf5f3]} 52. Rxf7+ Kh6) 52. Re8+ $11 Kh7 {Hoping for ...Ra1.} 53. Rf8 $2 {[%mdl 8192] [#]} (53. Re7 $1 $11 {and White stays safe.}) 53... Ra1 $2 (53... Rf5 $1 $19 {[%cal Rf5f3]} 54. Rxf7+ Kh6 55. Rxf5 gxf5) 54. Rxf7+ {[%mdl 32768] Precision: White = 31%, Black = 29%. . Loss on Time!?} 0-1

[Event "Saint Louis Blitz 2017"]
[Site "Saint Louis"]
[Date "2017.08.18"]
[Round "12"]
[White "Aronian, Levon"]
[Black "Le, Quang Liem"]
[Result "1-0"]
[WhiteElo "2799"]
[BlackElo "2739"]
[Annotator "TA"]
[PlyCount "76"]
[EventDate "2017.??.??"]
[EventType "tourn"]
[EventCountry "USA"]
[SourceTitle "playchess.com"]
[Source "ChessBase"]
[SourceQuality "1"]

{[%evp 12,76,0,2,41,37,43,9,6,2,3,17,72,59,89,46,108,53,146,120,123,122,110,63,144,144,147,139,118,131,145,134,116,93,110,0,0,-25,-30,-164,-30,-30,-34,-30,-29,-231,-36,-29,23,-13,-15,-100,-99,-160,-160,-247,-41,-37,-32,-33,-36,-134,-39,-33,-35,-101,-93]} 1. d4 Nf6 2. Bf4 d5 3. e3 c5 4. Nc3 cxd4 5. exd4 a6 6. Nf3 {B13: Caro-Kann: Exchange Variation and Panov-Botvinnik Attack} Nc6 7. Ne5 {LiveBook: 23 Games} Bf5 (7... Bd7 {is interesting.} 8. Nxd7 Qxd7 9. g3 b5 10. Bg2 e6) (7... e6 8. Nxc6 bxc6 9. Na4 Bd6 10. Bg3 Bxg3 11. hxg3 Qd6 12. Bd3 e5 13. dxe5 Qxe5+ {½-½ (68) Nisipeanu,L (2683)-Bluebaum,M (2642) Dortmund 2017}) 8. g4 {White is slightly better.} Nxe5 9. gxf5 Nc6 10. Qd3 g6 11. O-O-O Bg7 (11... gxf5 $11 {remains equal.} 12. Qxf5 e6) 12. h4 Nb4 $146 ({Predecessor:} 12... Qa5 13. a3 {1-0 (32) Hector,J (2524)-Andersen,M (2477) Vaxjo 2013}) 13. Qe2 gxf5 (13... Rc8 $1 $14) 14. Rg1 (14. Bh3 $16) 14... Rg8 (14... Kf8 $14) 15. Bh3 $16 {[%mdl 1024] White has strong compensation.} Qd7 16. Be5 {Strongly threatening Bxf6.} Kf8 17. Qf3 Bh6+ ({Black should play} 17... Ng4 $1 $14) 18. Kb1 Ng4 19. a3 Nc6 20. Nxd5 Rd8 21. Nb6 Qe6 22. Bc7 ({But not} 22. d5 $6 Ngxe5 23. Qh5 Rxg1 $11) 22... Rxd4 23. c3 (23. Rxd4 $16 Nxd4 24. Qxb7) 23... Rxd1+ $1 $11 24. Qxd1 Rg6 $1 25. Nd7+ (25. Bg3 $11 {and White has nothing to worry.}) 25... Kg7 ({Better is} 25... Ke8 $19 26. Bxg4 Qxd7 27. Qxd7+ Kxd7 28. Bxf5+ Kxc7 29. Bxg6 hxg6) 26. Nc5 Qc4 $36 {[%mdl 2048] Black has the initiative.} 27. Nd3 Kf8 {And now ...Ne3! would win.} 28. h5 $2 {[#]} (28. Bg3 $11 {and White is okay.}) 28... Rg8 $2 (28... Ne3 $1 $19 {[%cal Re3d1][%mdl 512]} 29. fxe3 Rxg1 30. Qxg1 Qxd3+ 31. Ka1 Bxe3) 29. Re1 $15 Bg5 (29... Qd5 $142) 30. Qf3 (30. Bxg4 $5 Qxg4 31. f3 $11) 30... e6 31. Rd1 (31. Bf1 $1 $11 {keeps the balance.}) 31... Be7 $17 32. Bf4 (32. Bf1 $142) 32... Qe4 $1 {[%cal Re4f3]} 33. Bg2 {[#]} (33. Qxe4 $17 {is a better defense.} fxe4 34. f3) 33... Qxf3 $2 (33... Nxf2 $1 $19 {[%mdl 512]} 34. Qxe4 (34. Qxf2 Rxg2) 34... Nxe4) 34. Bxf3 $15 Nf6 35. Bh6+ Ke8 36. Nb4 {[#]} (36. Bf4 $15) 36... Ne4 (36... Bxb4 $1 $17 37. axb4 Ng4 38. Bxc6+ bxc6) 37. Nxc6 bxc6 38. Rd4 ({White should try} 38. Be3 $15) 38... Bg5 {[%mdl 32768] Precision: White = 43%, Black = 31%. . Loss on Time!?} 1-0

[Event "Saint Louis Blitz 2017"]
[Site "Saint Louis"]
[Date "2017.08.18"]
[Round "12"]
[White "Nakamura, Hikaru"]
[Black "Anand, Viswanathan"]
[Result "1-0"]
[WhiteElo "2792"]
[BlackElo "2783"]
[Annotator "TA"]
[PlyCount "103"]
[EventDate "2017.??.??"]
[EventType "tourn"]
[EventCountry "USA"]
[SourceTitle "playchess.com"]
[Source "ChessBase"]
[SourceQuality "1"]

{[%evp 14,103,41,30,57,48,46,42,47,43,52,25,48,47,62,67,64,64,66,56,83,73,78,67,50,38,43,40,35,27,27,27,32,26,31,26,33,32,30,14,14,14,14,14,16,14,14,9,25,22,14,0,7,7,8,0,14,7,8,0,0,-8,-4,-3,104,112,193,185,176,192,170,171,170,162,154,154,106,100,150,0,0,0,0,0,0,0,10,14,874,874,810,810]} 1. Nf3 d5 2. b3 Bg4 3. Bb2 Bxf3 4. exf3 Nd7 (4... e6 5. g3 Nf6 6. Bg2 g6 7. Qe2 Nbd7 8. f4 c6 9. O-O Bg7 10. d4 O-O 11. Nd2 a5 12. c4 a4 {0-1 (71) Artemiev,V (2662)-Leko,P (2723) Moscow 2014}) 5. f4 e6 6. g3 {A06: Réti Opening:1 Nf3 d5} Ngf6 7. Bg2 Be7 8. O-O {LiveBook: 3 Games. White is slightly better.} c5 9. c4 O-O 10. d3 Rb8 11. Nd2 b5 12. Qc2 $146 ({Predecessor:} 12. Rc1) 12... a6 13. Nf3 bxc4 14. bxc4 d4 15. Bc1 {[%cal Bb2c1,Bc1d2,Bd2a5][%mdl 32]} Bd6 16. Bd2 g6 17. Qa4 Qb6 18. Ba5 Qa7 $1 19. Rfe1 Bc7 20. Bd2 Rb2 21. Bc1 Rb4 22. Qc2 Rfb8 23. Ba3 R4b6 24. Qa4 Bd6 25. h3 Qc7 26. Rac1 Kg7 27. Qc2 Ng8 {[%cal Bf6g8,Bg8e7,Be7c6][%mdl 32]} 28. Ng5 h6 29. Ne4 Ne7 30. h4 h5 31. Ng5 Nf8 32. Qa4 Nc6 33. Ne4 Nd7 34. Ng5 Nf8 35. Rcd1 Nb4 36. Bxb4 cxb4 37. Qc2 Be7 38. Qb2 Bf6 (38... Bc5 $11) 39. Ne4 $36 {[%mdl 2048] c5 is the strong threat. White has strong initiative.} Nd7 (39... Nh7 $16 {was called for.}) 40. c5 $1 $18 {[%cal Rc5b6]} Nxc5 41. Nxf6 Kxf6 42. Qxd4+ Ke7 43. Rc1 Rb5 44. f5 gxf5 45. Qg7 Qd8 {[#]} 46. Qg5+ (46. Bc6 $1 $16 {[%cal Rc6b5]} Ra5 47. Bf3) 46... Kf8 $11 {Hoping for ...Qxg5.} 47. Qxh5 Qf6 48. Bf1 Na4 49. d4 Rd5 50. Rc7 {And now Bc4 would win.} Rxd4 $2 {[%mdl 8192] [#]} (50... Nb6 $11) 51. Rxf7+ $1 $18 {[%mdl 512]} Qxf7 52. Qh8+ {Precision: White = 67%, Black = 55%.} 1-0

[Event "Saint Louis Blitz 2017"]
[Site "Saint Louis"]
[Date "2017.08.18"]
[Round "12"]
[White "Karjakin, Sergey"]
[Black "Navara, David"]
[Result "0-1"]
[WhiteElo "2773"]
[BlackElo "2737"]
[Annotator "TA"]
[PlyCount "86"]
[EventDate "2017.??.??"]
[EventType "tourn"]
[EventCountry "USA"]
[SourceTitle "playchess.com"]
[Source "ChessBase"]
[SourceQuality "1"]

{[%evp 17,86,32,31,-2,12,12,8,10,7,16,12,1,0,0,12,-41,0,0,0,-22,-5,-47,-20,-28,-28,-37,-35,-33,-35,-34,-31,-31,-25,-23,-21,-34,-36,-35,-9,-16,-6,-14,-9,-35,0,-32,-29,-25,-25,-69,-78,-205,-200,-260,-248,-354,-374,-408,-220,-1018,-1018,-965,-908,-29976,-29977,-29976,-29977,-29977,-29978,-29992,-29983]} 1. e4 c6 2. Nf3 d5 3. Nc3 dxe4 4. Nxe4 Nf6 5. Nxf6+ exf6 6. Bc4 Bd6 7. Qe2+ Be7 8. O-O O-O 9. d4 Bd6 {LiveBook: 3 Games. B15: Caro-Kann: 3 Nc3: 3...g6 and 3...dxe4 4 Nxe4 Nf6 5 Nxf6+ exf6} 10. c3 $146 ({Predecessor:} 10. Re1 Nd7 11. Bd3 Nb6 12. c4 Bc7 13. Qe4 f5 14. Qe7 Be6 15. Qxd8 Raxd8 16. b3 Rfe8 17. Bb2 {½-½ (59) Hausner,I (2408)-Dovzik,J (2394) Bratislava 2004}) 10... Na6 {[%cal Bb8a6,Ba6c7,Bc7d5][%mdl 32]} 11. Qc2 Re8 {The position is equal.} 12. Nd2 Nc7 13. Bd3 g6 14. Ne4 Bf8 15. Bd2 f5 16. Ng3 (16. Ng5 $11) 16... Nd5 17. Rfe1 Be6 18. Nf1 Bd6 19. h3 Nf4 20. Bxf4 Bxf4 21. Nd2 Bd5 22. Rxe8+ Qxe8 23. c4 Be6 24. Nf3 Qd7 25. Rd1 Rd8 26. Qa4 a6 27. Qb4 {Threatens to win with d5!} Bb8 28. Be2 Qc7 29. b3 g5 30. Qd2 f6 {And now ...g4 would win.} 31. g3 {aiming for Nxg5!} f4 32. g4 h5 {[%cal Bh7h5,Bh5g4][%mdl 32]} 33. Qd3 hxg4 34. Nxg5 {[#]} (34. hxg4 $17 {might work better.} Bxg4 35. Nh2 Bxe2 36. Qxe2) 34... Bc8 $1 $19 35. Ne4 f3 $40 {[%mdl 128] Black wants a kill.} 36. Bxf3 (36. Nxf6+ $142 Kf8 37. Bxf3 gxf3 38. Qxf3 Qh2+ 39. Kf1 Qxh3+ 40. Qxh3 Bxh3+ 41. Ke2) 36... gxf3 37. Nxf6+ Kh8 (37... Kg7 $142 {( -> ...Qh2+)} 38. Qh7+ Kxf6 39. Qh6+ Kf5 40. Qh5+ Ke4 41. Qg6+ Bf5 42. Re1+ Kxd4 43. Qf6+ Kc5 44. Qxf5+ Kb6 45. Qxf3 Ka7) 38. Kf1 $2 (38. Qxf3 Qh2+ 39. Kf1) 38... Bxh3+ 39. Ke1 Qe7+ 40. Kd2 Qxf6 {Black mates.} 41. Kc1 Bf4+ 42. Kb2 {[#]} Rxd4 $1 43. Qc3 (43. Qxd4 Be5) 43... Rd2+ {Precision: White = 21%, Black = 68%.} 0-1

[Event "Saint Louis Blitz 2017"]
[Site "Saint Louis"]
[Date "2017.08.18"]
[Round "12"]
[White "Nepomniachtchi, Ian"]
[Black "Dominguez Perez, Leinier"]
[Result "1-0"]
[WhiteElo "2751"]
[BlackElo "2739"]
[Annotator "TA"]
[PlyCount "126"]
[EventDate "2017.??.??"]
[EventType "tourn"]
[EventCountry "USA"]
[SourceTitle "playchess.com"]
[Source "ChessBase"]
[SourceQuality "1"]

{[%evp 22,126,-50,-43,-41,-60,-47,-64,-47,-62,-54,-58,-50,-72,-70,-78,-53,-51,-41,-57,-57,-42,-45,-33,-7,-29,-10,-27,-22,-34,-48,-37,-39,-71,0,0,0,-7,-5,-16,-19,-24,0,-7,0,-16,0,0,0,0,128,125,125,0,0,0,0,-82,-80,-131,0,-14,-16,-28,-13,-29,0,-6,215,182,221,225,230,221,243,243,260,252,354,333,372,363,355,347,365,365,345,333,383,370,532,380,462,462,467,472,5539,543,580,548,29964,29965,29962,29963,29972,29973,29961]} 1. Nf3 d5 2. g3 Nf6 3. Bg2 e6 4. O-O Be7 5. d3 O-O 6. Nbd2 c5 7. e4 Nc6 8. Re1 Qc7 9. e5 Nd7 10. Qe2 b5 {[%cal Bb7b5,Bb5b4][%mdl 32]} 11. Nf1 Bb7 12. h4 {LiveBook: 15 Games} Rfc8 {C00: French: Unusual White 2nd moves} 13. Bd2 $146 ({Predecessor:} 13. Bf4 Nd4 14. Nxd4 cxd4 15. Rec1 Qb6 16. Nd2 Rc7 17. Nf3 Rac8 18. a3 a5 19. h5 Ba6 20. h6 {1-0 (57) Sale,S (2395)-Kravtsiv,M (2583) Petrovac 2015}) 13... b4 14. N1h2 Qd8 {Black is slightly better.} 15. Bg5 h6 16. Bxe7 Nxe7 17. Qd2 a5 18. h5 c4 19. Nd4 Nc6 20. Nhf3 Nxd4 21. Nxd4 cxd3 22. cxd3 Ba6 23. Rad1 Nc5 24. Qe3 Qg5 25. f4 Qxh5 26. Rd2 Qg6 {[%cal Ra6d3]} 27. Red1 Bxd3 (27... Rab8 $17) 28. Rxd3 $11 Nxd3 29. f5 exf5 30. Qxd3 Re8 31. Re1 Rad8 32. Nxf5 Re6 33. Bh3 Qg5 34. Kh2 {[#]} d4 $1 {[%mdl 512]} 35. Re4 {Rg4 is the strong threat.} (35. Nxd4 Rxe5) 35... g6 (35... Qc1 $11 36. Nxg7 Rc6) 36. Nh4 $1 $16 Rc6 37. Nf3 (37. e6 $16 f5 38. Re1) 37... Qc1 $11 {Threatens to win with ...Qc2+.} 38. Re2 {Hoping for e6.} Qc4 $36 {[%mdl 2048] Black has the initiative.} 39. Qxc4 (39. Ne1 $1 $11 {remains equal.}) 39... Rxc4 $17 40. e6 {[#]} (40. Rd2 $142) 40... Rc7 (40... d3 $1 $17 {[%cal Rd3e2]} 41. Rd2 Rc2) 41. exf7+ (41. Nxd4 $5 Rxd4 42. e7 Rxe7 43. Rxe7 $11) 41... Kxf7 42. Ne5+ Kg7 {White must now prevent ...d3.} 43. Nd3 Kf7 44. Rf2+ Kg7 $2 {[#]} (44... Kg8 $11 {and Black stays safe.}) 45. Nf4 $1 $18 {[%cal Rf4e6]} Re7 46. Ne6+ Rxe6 47. Bxe6 {[%mdl 4096] Endgame KRB-KR} d3 {next ...d2 is good for Black.} 48. Rd2 Rd4 49. b3 Re4 (49... a4 $142 50. Bc4 (50. bxa4 Re4 $11) 50... Kf6) 50. Bc4 Kf6 51. Bxd3 Rd4 52. Rf2+ Kg5 53. Rf3 h5 54. Kg2 Rd6 55. Kf2 Re6 (55... Rd4 {was called for.} 56. Ke3 Rg4) 56. Bc4 Re5 57. Rd3 Rf5+ 58. Kg2 Kf6 (58... h4 $142 59. gxh4+ Kxh4 60. Rd4+ Kg5) 59. Rd6+ (59. Rf3 $142 g5 60. Rd3) 59... Kg7 60. Rd5 Rxd5 61. Bxd5 {White mates.} Kf6 62. Kf3 g5 63. Ke4 h4 {Precision: White = 56%, Black = 34%.} 1-0

[Event "Saint Louis Blitz 2017"]
[Site "Saint Louis"]
[Date "2017.08.18"]
[Round "13"]
[White "Kasparov, Garry"]
[Black "Nakamura, Hikaru"]
[Result "1-0"]
[WhiteElo "2812"]
[BlackElo "2792"]
[Annotator "TA"]
[PlyCount "87"]
[EventDate "2017.??.??"]
[EventType "tourn"]
[EventCountry "USA"]
[SourceTitle "playchess.com"]
[Source "ChessBase"]
[SourceQuality "1"]

{[%evp 15,87,8,15,-24,11,16,50,39,63,41,92,75,105,97,113,83,83,87,95,93,92,80,108,103,151,99,122,118,117,110,110,102,106,111,142,115,121,81,128,81,81,88,97,90,91,91,107,107,107,107,107,66,66,72,1125,995,1310,1274,1190,1106,1917,1192,1326,1334,12825,12824,29954,29953,29951,29951,12847,12846,11010,9566]} 1. d4 Nf6 2. c4 e6 3. Nc3 Bb4 4. Qc2 O-O 5. a3 Bxc3+ 6. Qxc3 d5 7. Nf3 dxc4 8. Qxc4 b6 {LiveBook: 381 Games} 9. h4 $146 {E36: Nimzo-Indian: Classical: 4...d5 5 a3} ({Find the theoretical novelty and annotate with similar games:} 9. Bg5 Ba6 10. Qa4 h6 11. Bh4 c5 12. dxc5 bxc5 13. Rc1 Qb6 14. Bxf6 gxf6 15. Rc2 c4 16. e3 Bb5 {½-½ (33) So,W (2810)-Anand,V (2783) Saint Louis 2017}) 9... c5 (9... Ba6 $5 {[%cal Ra6c4]} 10. Qc2 Nbd7 $11) 10. dxc5 bxc5 11. h5 {White is slightly better.} h6 12. g4 $1 {[%cal Rg4g5] Strongly threatening g5.} Qd5 ({Black should play} 12... Ba6 $14 13. Qxc5 Bb7) 13. Qxd5 (13. Qc2 {keeps more tension.} Nc6 14. Rg1 Ne4 15. g5 Nxg5 16. Bxg5 hxg5 17. Nxg5 Qf5 18. Qxf5 exf5 19. Rc1) 13... Nxd5 14. g5 hxg5 15. Bxg5 {Black must now prevent h6.} f6 16. Bd2 Nc6 17. Rc1 Nd4 18. Rxc5 Nxf3+ 19. exf3 Bd7 20. Rh4 ({White should try} 20. Bd3) 20... Rfb8 21. b4 a6 22. Rd4 Bb5 23. Bg2 Re8 24. f4 f5 25. Bf3 Kh7 26. Bc3 Re7 27. Kd2 Rd8 28. Bxd5 exd5 29. Rdxd5 Rxd5+ 30. Rxd5 Rd7 31. Rxd7 Bxd7 $16 {[%mdl 4096] Endgame KB-KB} 32. Ke3 g6 33. h6 Kxh6 34. Kd4 {Hoping for Kc5.} Kh5 $2 {[%mdl 8192]} (34... Kg7 $16) 35. Kc5 $18 Kg4 36. Bd2 Kf3 37. Kb6 $1 {[%cal Rb6a6]} Bb5 {[#]} 38. a4 $1 {[%cal Ba3a4,Ba4b5][%mdl 544]} Bf1 (38... Bxa4 39. Kxa6) 39. b5 axb5 40. axb5 Kxf2 41. Kc6 Ke2 {[#]} 42. Bc1 $1 Kd1 43. Ba3 Kd2 44. Be7 {Precision: White = 71%, Black = 29%.} 1-0

[Event "Saint Louis Blitz 2017"]
[Site "Saint Louis"]
[Date "2017.08.18"]
[Round "13"]
[White "Anand, Viswanathan"]
[Black "Le, Quang Liem"]
[Result "1/2-1/2"]
[WhiteElo "2783"]
[BlackElo "2739"]
[Annotator "TA"]
[PlyCount "91"]
[EventDate "2017.??.??"]
[EventType "tourn"]
[EventCountry "USA"]
[SourceTitle "playchess.com"]
[Source "ChessBase"]
[SourceQuality "1"]

{[%evp 18,91,-16,-37,0,0,9,6,7,-17,-7,-4,21,8,46,25,48,43,89,56,70,67,57,66,86,98,172,164,181,81,137,137,123,20,20,19,29,20,25,33,49,29,58,60,77,82,115,106,121,130,134,128,134,131,132,127,119,91,85,80,65,16,87,0,0,0,0,0,0,0,2,0,4,3,3,3]} 1. e4 e5 2. Nf3 Nc6 3. Bc4 Bc5 4. d3 Nf6 5. c3 O-O 6. Bg5 {[%cal Bc1g5,Bg5h4,Bh4g3][%mdl 32]} h6 {C54: Giuoco Piano: 4 c3 Nf6, main lines with 5 d4 and 5 d3} (6... Be7 7. Nbd2 d6 8. Bb3 h6 9. Bh4 Nh5 10. Bg3 Na5 11. Bc2 f5 12. exf5 Bxf5 13. d4 Bxc2 14. Qxc2 exd4 15. cxd4 {1-0 (25) Vachier Lagrave,M (2796)-So,W (2812) Paris 2017}) 7. Bh4 Be7 8. Bg3 d6 9. Nbd2 Na5 10. Bb5 {LiveBook: 4 Games} a6 11. Ba4 b5 12. Bc2 c5 13. Nf1 Bb7 {[#]} 14. Ne3 $146 ({Predecessor:} 14. Qe2) 14... Re8 15. O-O Bf8 16. Re1 Rc8 17. Bh4 c4 18. Nd2 g5 19. Bg3 d5 20. exd5 {[#] aiming for dxc4.} Nxd5 21. dxc4 Nf4 (21... Nxe3 $16 22. Rxe3 Nxc4 23. Nxc4 bxc4) 22. cxb5 $18 axb5 23. Be4 (23. b4 $18 {and White stays clearly on top.}) 23... Nd3 (23... b4 $142) 24. Bxd3 $16 Qxd3 25. Nb3 (25. Ng4 $16 {Nf6+ is the strong threat.} Qf5 26. b4 (26. Rxe5 Rxe5 27. Bxe5 Nc6 $16) (26. Bxe5 Re6 $16) (26. Nxe5 b4 $16)) 25... Qxd1 $11 26. Raxd1 Nxb3 27. axb3 {With the idea Ng4.} f6 28. f3 Kf7 29. Bf2 Ke6 30. Nc2 $36 {[%mdl 2048] White is more active.} Kf7 31. b4 Bc6 32. Bc5 Bg7 33. Ne3 Kg6 34. Kf2 h5 35. Rd6 Bf8 36. Rd2 Bh6 37. Ra1 g4 38. Ra6 {[#] And now Rd6 would win.} Re6 39. Rd1 f5 (39... Bxe3+ $11 {keeps the balance.} 40. Kxe3 Bxf3) 40. Rd6 (40. c4 $16 {Strongly threatening cxb5.} Bxe3+ 41. Bxe3 (41. Kxe3 f4+ 42. Kf2 Kf5 $14)) 40... Bxe3+ {The position is equal.} 41. Kxe3 f4+ 42. Kf2 Rxd6 43. Bxd6 Kf5 44. Rb6 Ke6 45. Rb8 Rxb8 46. Bxb8 {Precision: White = 54%, Black = 54%.} 1/2-1/2